<?xml version="1.0" encoding="UTF-8"?>
<record
    xmlns:xsi="http://www.w3.org/2001/XMLSchema-instance"
    xsi:schemaLocation="http://www.loc.gov/MARC21/slim http://www.loc.gov/standards/marcxml/schema/MARC21slim.xsd"
    xmlns="http://www.loc.gov/MARC21/slim">

  <leader>01174nam a22002894i 4500</leader>
  <controlfield tag="001">991061300308506706</controlfield>
  <controlfield tag="003">ES-BaIT</controlfield>
  <controlfield tag="005">20260512110430.0</controlfield>
  <controlfield tag="008">250313s2007    spc ||||r|||||0|| 0 cat|c</controlfield>
  <datafield tag="080" ind1=" " ind2=" ">
    <subfield code="a">796.4</subfield>
  </datafield>
  <datafield tag="100" ind1="1" ind2=" ">
    <subfield code="a">Arlandes, Gerard</subfield>
    <subfield code="e">autor</subfield>
    <subfield code="9">93447</subfield>
  </datafield>
  <datafield tag="245" ind1="1" ind2="3">
    <subfield code="a">La gimn&#xE0;stica tradicional xinesa /</subfield>
    <subfield code="c">Gerard Arlandes</subfield>
  </datafield>
  <datafield tag="264" ind1=" " ind2="0">
    <subfield code="a">Barcelona :</subfield>
    <subfield code="c">[2007]</subfield>
  </datafield>
  <datafield tag="264" ind1=" " ind2="4">
    <subfield code="a">&#xA9;1990</subfield>
  </datafield>
  <datafield tag="300" ind1=" " ind2=" ">
    <subfield code="a">11 fulls ;</subfield>
    <subfield code="c">30 cm</subfield>
  </datafield>
  <datafield tag="336" ind1=" " ind2=" ">
    <subfield code="a">text</subfield>
    <subfield code="b">txt</subfield>
    <subfield code="2">rdacontent</subfield>
  </datafield>
  <datafield tag="337" ind1=" " ind2=" ">
    <subfield code="a">sense mediaci&#xF3;</subfield>
    <subfield code="b">n</subfield>
    <subfield code="2">rdamedia</subfield>
  </datafield>
  <datafield tag="338" ind1=" " ind2=" ">
    <subfield code="a">volum</subfield>
    <subfield code="b">nc</subfield>
    <subfield code="2">rdacarrier</subfield>
  </datafield>
  <datafield tag="340" ind1=" " ind2=" ">
    <subfield code="a">Impr&#xE8;s d'ordinador relligat amb correccions a llapis</subfield>
  </datafield>
  <datafield tag="500" ind1=" " ind2=" ">
    <subfield code="a">Inclou petita biografia i curr&#xED;culum de l'autor</subfield>
  </datafield>
  <datafield tag="500" ind1=" " ind2=" ">
    <subfield code="a">Impr&#xE8;s amb correccions ortogr&#xE0;fiques per a una possible edici&#xF3;  de l'Associaci&#xF3; de Professionals de Dansa de Catalunya (APDC), amb segell de l'associaci&#xF3; a la coberta i all primer full i que tamb&#xE9; t&#xE9; l'anagrama de Gerard Arlandes. El full 7 acaba amb les dades de copyright manuscrites:  &#xA9;Arlandes-Karsch, 1990</subfield>
  </datafield>
  <datafield tag="650" ind1=" " ind2="7">
    <subfield code="a">Gimn&#xE0;stica</subfield>
    <subfield code="z">Xina</subfield>
    <subfield code="2">lemac</subfield>
    <subfield code="9">169488</subfield>
  </datafield>
  <datafield tag="700" ind1="1" ind2=" ">
    <subfield code="a">Karsch, Sybille</subfield>
    <subfield code="e">autor</subfield>
    <subfield code="9">96866</subfield>
  </datafield>
  <datafield tag="908" ind1=" " ind2=" ">
    <subfield code="a">CDMAE</subfield>
  </datafield>
  <datafield tag="940" ind1=" " ind2=" ">
    <subfield code="a">CDMAE</subfield>
  </datafield>
  <datafield tag="942" ind1=" " ind2=" ">
    <subfield code="2">udc</subfield>
    <subfield code="c">2</subfield>
  </datafield>
  <datafield tag="952" ind1=" " ind2=" ">
    <subfield code="0">0</subfield>
    <subfield code="1">0</subfield>
    <subfield code="2">udc</subfield>
    <subfield code="4">0</subfield>
    <subfield code="7">0</subfield>
    <subfield code="a">10000</subfield>
    <subfield code="b">10000</subfield>
    <subfield code="c">10073</subfield>
    <subfield code="d">2026-05-12</subfield>
    <subfield code="e">2</subfield>
    <subfield code="l">0</subfield>
    <subfield code="o">D 10-09</subfield>
    <subfield code="p">d1090</subfield>
    <subfield code="r">2026-05-12 11:00:45</subfield>
    <subfield code="w">2026-05-12</subfield>
    <subfield code="y">2</subfield>
  </datafield>
  <datafield tag="999" ind1=" " ind2=" ">
    <subfield code="c">137444</subfield>
    <subfield code="d">137444</subfield>
  </datafield>
</record>
